000 00435nam a2200145Ia 4500
008 100204s9999 xx 000 0 und d
082 _b24929
100 _aपै शिरिष
245 _aहाती शिल्लक
260 _b"अनुभव प्रकाशन, मुं."
_c2001
300 _a240
630 _aहाती शिल्लक
730 _aहाती शिल्लक
942 _cBOOK
999 _c470109
_d470106